Statistics for Most Common Names That Start With B

Click here to take the quiz!

General Stats

  • This quiz has been taken 26 times
  • The average score is 2 of 10

Answer Stats

HintAnswer% Correct
6Benjamin
77%
2Bella
41%
9Beau
27%
1Brooklyn
23%
5Bailey
9%
3Brielle
9%
8Bennet
5%
4Blakely
5%
7Brooks
5%
10Bryson
5%

Score Distribution

Percentile by Number Answered

Percent of People with Each Score

Your Score History

You have not taken this quiz